Port Adelaide (AFL) Best and Fairest - Statistics

General Stats
  • This quiz has been taken 52 times
    8 since last reset
  • The average score is 23 of 30
Answer Stats
Year Answer % Correct
2007 Kane Cornes
100%
2008 Kane Cornes
100%
2010 Kane Cornes
100%
2012 Kane Cornes
100%
2011 Travis Boak
100%
2013 Travis Boak
100%
2019 Travis Boak
100%
2022 Connor Rozee
88%
2003 Gavin Wanganeen
88%
2018 Justin Westhoff
88%
2002 Matthew Primus
88%
2001 Warren Tredrea
88%
2004 Warren Tredrea
88%
2005 Warren Tredrea
88%
2009 Warren Tredrea
88%
2023 Zak Butters
88%
2024 Zak Butters
88%
2025 Zak Butters
88%
2021 Ollie Wines
75%
2014 Robbie Gray
75%
2015 Robbie Gray
75%
2016 Robbie Gray
75%
2020 Darcy Byrne-Jones
50%
2017 Paddy Ryder
50%
1998 Adam Kingsley
38%
2006 Brendon Lade
38%
2000 Brett Montgomery
38%
1999 Stephen Paxman
38%
1997 Darren Mead
25%
*2011* Jackson Trengove
13%
No matching quizzes found
Score Distribution
Percent of People with Each Score
Percentile by Number Answered
Your Score History
You have not taken this quiz since the last reset